Loading...
| Fine Arts - Classical Music | 2 | 15.00 | 100% | 50% | 0% |
| Fine Arts - Other | 5 | 16.00 | 100% | 40% | 20% |
| Fine Arts - Painting and Sculpture | 6 | 10.00 | 83% | 17% | 0% |
| Geography | 1 | 20.00 | 100% | 100% | 0% |
| History - American | 3 | 13.33 | 100% | 33% | 0% |
| History - European | 7 | 14.29 | 100% | 29% | 14% |
| History - Other | 4 | 12.50 | 100% | 25% | 0% |
| History - World | 4 | 12.50 | 75% | 50% | 0% |
| Literature - American | 3 | 13.33 | 100% | 33% | 0% |
| Literature - British | 3 | 10.00 | 100% | 0% | 0% |
| Literature - European | 5 | 12.00 | 100% | 20% | 0% |
| Literature - World | 6 | 13.33 | 83% | 33% | 17% |
| Mythology | 3 | 20.00 | 100% | 67% | 33% |
| Other Academic | 2 | 20.00 | 100% | 50% | 50% |
| Philosophy | 3 | 6.67 | 33% | 33% | 0% |
| Pop Culture | 1 | 20.00 | 100% | 100% | 0% |
| Religion | 4 | 12.50 | 100% | 0% | 25% |
| Science - Biology | 4 | 10.00 | 100% | 0% | 0% |
| Science - Chemistry | 4 | 15.00 | 100% | 50% | 0% |
| Science - Other | 6 | 16.67 | 100% | 50% | 17% |
| Science - Physics | 6 | 16.67 | 100% | 67% | 0% |
| Social Science | 3 | 10.00 | 100% | 0% | 0% |